Aksai-Chin and Sino-Indian conflict/ (Record no. 192087)

MARC details
000 -LEADER
fixed length control field 00584nam a22001817a 4500
005 - DATE AND TIME OF LATEST TRANSACTION
control field 20220912111446.0
010 ## - LCCN (DPL NO)
LC control number ENG-135005
020 ## - INTERNATIONAL STANDARD BOOK NUMBER
Terms of availability 995.00
International Standard Book Number 978-93-86535-01-6
035 ## - SYSTEM CONTROL NUMBER
System control number EN-118537
037 ## - SOURCE OF ACQUISITION
Source of stock number/acquisition DBAD/PUB
082 ## - DEWEY DECIMAL CLASSIFICATION NUMBER
Classification number 327.54051
245 ## - TITLE STATEMENT
Title Aksai-Chin and Sino-Indian conflict/
Statement of responsibility, etc edited by Mohit Aggarwal
260 ## - PUBLICATION, DISTRIBUTION, ETC. (IMPRINT)
Place of publication, distribution, etc New Delhi
Name of publisher, distributor, etc Jawahar Publishers & Distributors
Date of publication, distribution, etc 2017
270 ## - ADDRESS
Address 46, Samachar Apartment, Mayur Vihar-I
City New Delhi
Postal code 110091
300 ## - PHYSICAL DESCRIPTION
Extent 284p.
Dimensions 21cm(pbk)
Other physical details index
700 ## - ADDED ENTRY--PERSONAL NAME
Personal name Mohit Aggarwal
942 ## - ADDED ENTRY ELEMENTS (KOHA)
Source of classification or shelving scheme Dewey Decimal Classification
Item type English Books
Classification part 327.54051
Call number suffix AKS
Holdings
Withdrawn status Lost status Not for loan Collection code Home library Current library Date acquired Source of acquisition Cost, normal purchase price Full call number Barcode Copy number Cost, replacement price Koha item type
      Non-fiction Shahdara Branch Shahdara Branch 12/09/2022 DBAD/PUB 995.00 327.54051 AKS EN-118537 1 995.00 English Books

© Delhi Public Library
Hit Counter
free hit counter